000 00582nam a2200217 i 4500
001 bg
100 1 _aHAGGARTY, Rod
245 1 0 _aFundamentals of mathematical analysis /
_cRod Haggarty.
250 _a2nd ed.
260 _aWokingham [i in.] :
_bAddison-Wesley,
_c1993.
300 _aVIII, 332 s. :
_brys., wykr. ;
_c24 cm.
650 9 _aAnaliza matematyczna
655 _aPodręczniki akademickie
020 _a0201631970
040 _cBPK
041 0 _aen
080 _a517(075.8)
920 _a0-201-63197-0
942 _cKS
008 s pl f |000 0 pol
999 _c30187
_d30187
856 _uhttp://koha.tu.koszalin.pl/cgi-bin/koha/opac-detail.pl?biblionumber=30187
_yKatalog online BPK